Mikropočítače a BASIC

Enregistré dans:
Détails bibliographiques
Auteur principal: Švaňa, Peter
Autres auteurs: Šipöcz, Tibor, Handlovič, Róbert
Format: Livre
Langue:slovaque
Publié: Bratislava Slov. ped. nakl. 1989
Édition:1. vyd.
Tags: Ajouter un tag
Pas de tags, Soyez le premier à ajouter un tag!

MARC

LEADER 00000nam a2200000 4500
001 c028808
005 20221128073408.2
041 0 |a slo 
044 |a SK 
245 1 0 |a Mikropočítače a BASIC  |c Peter Švaňa, Tibor Šipöcz, Róbert Handlovič 
250 |a 1. vyd. 
264 1 |a Bratislava  |b Slov. ped. nakl.  |c 1989 
300 |a 316 s. 
100 1 |a Švaňa, Peter 
700 1 |a Šipöcz, Tibor 
700 1 |a Handlovič, Róbert